[Event "EU-ch Rapid"]
[Site "Katowice"]
[Date "2021.12.18"]
[Round "5"]
[White "Kiolbasa, Damian"]
[Black "Chojnacki, Slawomir"]
[Result "0-1"]
[WhiteElo "1965"]
[BlackElo "2198"]
[PlyCount "137"]
[EventDate "2021.12.18"]
[EventType "swiss (rapid)"]
[EventRounds "11"]
[EventCountry "POL"]
[SourceTitle "CBM 205 Extra"]
[Source "ChessBase"]
[SourceDate "2022.01.31"]
[SourceVersion "1"]
[SourceVersionDate "2022.01.31"]
[SourceQuality "1"]

1. d4 d5 2. c4 e6 3. Nc3 Nf6 4. Bf4 Bd6 5. e3 Bxf4 6. exf4 dxc4 7. Bxc4 0-0 8. Nf3 b6 9. 0-0 Bb7 10. Re1 Nc6 11. Qd2 Ne7 12. Ne5 c5 13. Rad1 cxd4 14. Qxd4 Qxd4 15. Rxd4 Nc6 16. Rd6 Rac8 17. Nxf7 Rxf7 18. Bxe6 Rcc7 19. Nd5 Kf8 20. Bxf7 Rxf7 21. Nxf6 Rxf6 22. Rxf6+ gxf6 23. f3 Kf7 24. Kf2 Nb4 25. Kg3 a5 26. Rc1 Nd5 27. b3 Ke6 28. Rc4 Kd6 29. Kh4 b5 30. Rd4 Bc8 31. g4 Kc5 32. Re4 Kd6 33. f5 Nc3 34. Re8 Bd7 35. Ra8 a4 36. bxa4 bxa4 37. a3 Nb1 38. g5 Bc6 39. Ra6 fxg5+ 40. Kxg5 Nd2 41. f6 Nxf3+ 42. Kh6 Ne5 43. Kg7 h5 44. f7 Nxf7 45. Kxf7 Kc5 46. Kg6 Be8+ 47. Kg5 Kc4 48. Re6 Bf7 49. Rb6 Kc3 50. h4 Bb3 51. Kxh5 Kb2 52. Kg5 Kxa3 53. h5 Bc2 54. h6 Ka2 55. Kf4 a3 56. Ke3 Ka1 57. Kd2 Bf5 58. Rf6 Be4 59. Re6 Bf5 60. Re5 Bg6 61. Rg5 Be4 62. Rg4 Bf5 63. Rf4 Bg6 64. Kc3 a2 65. Rh4 Bh7 66. Rh2 Be4 67. h7 Kb1 68. Rb2+ Kc1 69. Rxa2 0-1

[Event "EU-ch Blitz"]
[Site "Katowice"]
[Date "2021.12.17"]
[Round "4"]
[White "Schneider, Ilja"]
[Black "Kiolbasa, Damian"]
[Result "1-0"]
[WhiteElo "2479"]
[BlackElo "1965"]
[PlyCount "69"]
[EventDate "2021.12.17"]
[EventType "swiss (blitz)"]
[EventRounds "22"]
[EventCountry "POL"]
[SourceTitle "CBM 205 Extra"]
[Source "ChessBase"]
[SourceDate "2022.01.31"]
[SourceVersion "1"]
[SourceVersionDate "2022.01.31"]
[SourceQuality "1"]

1. e4 e6 2. d4 d5 3. Bd3 dxe4 4. Bxe4 Nf6 5. Bf3 c5 6. Ne2 Nc6 7. Be3 cxd4 8. Nxd4 Nxd4 9. Qxd4 Qxd4 10. Bxd4 Be7 11. Nc3 0-0 12. 0-0-0 a5 13. a4 Nd7 14. Nb5 Ra6 15. Rhe1 e5 16. Bxe5 Nxe5 17. Rxe5 Bf6 18. Rc5 Rb6 19. Nc3 g6 20. Rb5 Rxb5 21. Nxb5 b6 22. Rd6 Bg5+ 23. Kb1 Re8 24. Ka2 Kg7 25. Rxb6 Re1 26. Nc3 Be6+ 27. Bd5 Bf5 28. Rb7 Bxc2 29. Rxf7+ Kh6 30. f4 Bd8 31. g4 g5 32. f5 Rg1 33. Rd7 Bb6 34. Rd6+ Kg7 35. Rxb6 1-0

[Event "Bialystok Zamenhof Memorial-C 35th"]
[Site "Bialystok"]
[Date "2017.12.30"]
[Round "7.7"]
[White "Kiolbasa, Damian"]
[Black "Kaminski, Jan"]
[Result "1-0"]
[WhiteElo "1901"]
[BlackElo "1839"]
[PlyCount "48"]
[EventDate "2017.12.27"]
[EventType "swiss"]
[EventRounds "9"]
[EventCountry "POL"]
[SourceTitle "EXT 2023"]
[Source "ChessBase"]
[SourceDate "2022.10.05"]
[SourceVersion "1"]
[SourceVersionDate "2022.10.05"]
[SourceQuality "1"]

1. d4 Nf6 2. c4 e6 3. Nf3 Bb4+ 4. Nbd2 d5 5. Qa4+ Nc6 6. a3 Bxd2+ 7. Bxd2 Bd7 8. Qc2 a5 9. Bg5 h6 10. Bxf6 Qxf6 11. e3 dxc4 12. Bxc4 0-0 13. Bb5 Rfc8 14. 0-0 Qe7 15. Qe4 Qd6 16. Rac1 f5 17. Qh4 Ne7 18. Bxd7 Qxd7 19. Ne5 Qe8 20. Rc4 Nd5 21. Rfc1 c6 22. Rc5 Qd8 23. Qh5 Rc7 24. Kh1 Qg5 1-0

[Event "Polanica Zdroj op-C 52nd"]
[Site "Polanica Zdroj"]
[Date "2016.08.28"]
[Round "9"]
[White "Slabek, Grzegorz"]
[Black "Kiolbasa, Damian"]
[Result "0-1"]
[WhiteElo "1963"]
[BlackElo "1844"]
[PlyCount "98"]
[EventDate "2016.08.20"]
[EventType "swiss"]
[EventRounds "9"]
[EventCountry "POL"]
[SourceTitle "CBM 174 Extra"]
[Source "ChessBase"]
[SourceDate "2016.10.10"]
[SourceVersion "1"]
[SourceVersionDate "2016.10.10"]
[SourceQuality "1"]

1. d4 f5 2. g3 e6 3. Bg2 d5 4. Nf3 Bd6 5. Ne5 Nd7 6. f4 Ngf6 7. 0-0 c6 8. e3 0-0 9. Nd2 Qe8 10. b3 a5 11. a4 Qe7 12. Bb2 Kh8 13. c4 Nb8 14. Bc3 Bd7 15. Qe1 Bb4 16. Bxb4 axb4 17. c5 Na6 18. Nd3 Rfb8 19. Rc1 b6 20. cxb6 Rxb6 21. Rc2 Rc8 22. Nc5 Nxc5 23. Rxc5 Be8 24. Qe2 Nd7 25. Rc2 c5 26. Rfc1 c4 27. bxc4 b3 28. Rc3 Qa3 29. Rb1 dxc4 30. Rxc4 Rcb8 31. Bc6 Nf6 32. Bxe8 Nxe8 33. Qd3 Nd6 34. Rc3 Ne4 35. Nxe4 fxe4 36. Qxe4 Qxa4 37. f5 exf5 38. Qxf5 Qe8 39. Qd3 b2 40. d5 Qe5 41. Qd2 h5 42. Rd3 Ra8 43. Qd1 Ra1 44. d6 Rxb1 45. Qxb1 Rc6 46. Rd1 Rc1 47. d7 Qxe3+ 48. Kg2 Qe2+ 49. Kh3 Rxd1 0-1

[Event "POL-ch U16"]
[Site "Karpacz"]
[Date "2010.03.14"]
[Round "11"]
[White "Paszewski, Mateusz"]
[Black "Kiolbasa, Damian"]
[Result "1-0"]
[WhiteElo "1805"]
[BlackElo "1831"]
[PlyCount "105"]
[EventDate "2010.03.06"]
[EventType "swiss"]
[EventRounds "11"]
[EventCountry "POL"]
[SourceTitle "CBM 135 Extra"]
[Source "ChessBase"]
[SourceDate "2010.05.04"]
[SourceVersion "1"]
[SourceVersionDate "2010.05.04"]
[SourceQuality "1"]

1. c4 c5 2. g3 Nf6 3. Bg2 d5 4. cxd5 Nxd5 5. Nc3 Nc7 6. Qb3 Nc6 7. Bxc6+ bxc6 8. Qa4 Bd7 9. Nf3 f6 10. d3 e5 11. Be3 Be7 12. 0-0 Nd5 13. Bd2 0-0 14. Rac1 Nb6 15. Qb3+ c4 16. dxc4 Be6 17. Nb1 e4 18. Nh4 Rb8 19. Ba5 Qc8 20. Bxb6 Rxb6 21. Qc2 f5 22. Ng2 Qe8 23. b3 Bc5 24. Nc3 Rb8 25. Rcd1 g5 26. Na4 Be7 27. f4 g4 28. e3 h5 29. Kf2 h4 30. Nc3 Rf6 31. Ne2 Rh6 32. Qc3 Rb7 33. Qe5 Bf6 34. Qd6 h3 35. Ne1 Be7 36. Qe5 Bf6 37. Qd6 Be7 38. Qe5 Bf6 39. Qa5 Rd7 40. Nc2 Bd8 41. Qe5 Bb6 42. Ncd4 Kf8 43. Nxe6+ Rxe6 44. Qxf5+ Ke7 45. Qg5+ Kf8 46. Qxg4 Rd3 47. Qf5+ Qf7 48. Qxf7+ Kxf7 49. Nd4 Bxd4 50. exd4 Kf6 51. Rxd3 exd3 52. Re1 Rd6 53. Ke3 1-0

[Event "POL-ch U16"]
[Site "Karpacz"]
[Date "2010.03.12"]
[Round "9"]
[White "Malaczek, Mateusz"]
[Black "Kiolbasa, Damian"]
[Result "1/2-1/2"]
[WhiteElo "1841"]
[BlackElo "1831"]
[PlyCount "109"]
[EventDate "2010.03.06"]
[EventType "swiss"]
[EventRounds "11"]
[EventCountry "POL"]
[SourceTitle "CBM 135 Extra"]
[Source "ChessBase"]
[SourceDate "2010.05.04"]
[SourceVersion "1"]
[SourceVersionDate "2010.05.04"]
[SourceQuality "1"]

1. c4 Nf6 2. Nc3 g6 3. g3 Bg7 4. Bg2 0-0 5. d3 d6 6. Nf3 c6 7. 0-0 Nbd7 8. Qc2 e5 9. Rb1 Re8 10. b4 Nf8 11. Nd2 Ne6 12. e3 Bd7 13. Nb3 Ng4 14. Ba3 f5 15. b5 Qc7 16. Qd2 Bh6 17. h3 Nf6 18. d4 Bf8 19. d5 Ng5 20. dxc6 bxc6 21. Rfd1 Nf7 22. bxc6 Bxc6 23. Nb5 Qc8 24. Na5 Bxg2 25. Kxg2 Ne4 26. Qd3 Rd8 27. f3 Nf6 28. Nc3 d5 29. Nxd5 Nxd5 30. cxd5 Bxa3 31. Qxa3 Qc2+ 32. Kg1 Ng5 33. Qb2 Nxf3+ 34. Kf1 Nh2+ 35. Kg1 Nf3+ 36. Kf1 Qc5 37. Qe2 Qxa5 38. Qxf3 Qxa2 39. Qe2 Qxe2+ 40. Kxe2 e4 41. d6 Rd7 42. g4 Kf7 43. gxf5 gxf5 44. Rb5 Ke6 45. Rdd5 Rf8 46. Re5+ Kxd6 47. Rxf5 Rxf5 48. Rxf5 Rb7 49. Kd2 Rc7 50. Ra5 Ke6 51. Ra4 Ke5 52. Ra5+ Ke6 53. Ra4 Ke5 54. Ra5+ Ke6 55. Ra4 1/2-1/2

[Event "Krakow op-B 20th"]
[Site "Krakow"]
[Date "2010.01.02"]
[Round "7.6"]
[White "Lis, Marek"]
[Black "Kiolbasa, Damian"]
[Result "0-1"]
[WhiteElo "2094"]
[BlackElo "1766"]
[PlyCount "74"]
[EventDate "2009.12.27"]
[EventType "swiss"]
[EventRounds "9"]
[EventCountry "POL"]
[SourceTitle "EXT 2023"]
[Source "ChessBase"]
[SourceDate "2022.10.05"]
[SourceVersion "1"]
[SourceVersionDate "2022.10.05"]
[SourceQuality "1"]

1. e4 c5 2. Nf3 Nc6 3. d4 cxd4 4. Nxd4 g6 5. c4 Nf6 6. Nc3 Nxd4 7. Qxd4 d6 8. Be2 Bg7 9. 0-0 0-0 10. Qe3 a5 11. a4 Be6 12. Bd2 Nd7 13. Rab1 Nc5 14. b3 f5 15. Bf3 f4 16. Qe2 g5 17. Nd5 Nd7 18. Bg4 Bxd5 19. exd5 Ne5 20. Be6+ Kh8 21. Qh5 h6 22. Bc3 Qe8 23. Qxe8 Rfxe8 24. Bxe5 Bxe5 25. Rfd1 Ra7 26. Rd3 b6 27. Kf1 Kg7 28. Ke2 Kg6 29. Kf3 Rf8 30. h3 Rc7 31. Ke4 h5 32. Rh1 Rf6 33. Rf3 Rc5 34. g3 fxg3 35. fxg3 Rc7 36. Rd1 Rb7 37. Bf7+ Kxf7 0-1

[Event "Augustow qual zone MPJ+OOM U15"]
[Site "Augustow"]
[Date "2009.10.10"]
[Round "9.1"]
[White "Puszkarski, Piotr"]
[Black "Kiolbasa, Damian"]
[Result "0-1"]
[WhiteElo "1499"]
[BlackElo "1749"]
[PlyCount "56"]
[EventDate "2009.10.04"]
[EventType "swiss"]
[EventRounds "9"]
[EventCountry "POL"]
[SourceTitle "EXT 2023"]
[Source "ChessBase"]
[SourceDate "2022.10.05"]
[SourceVersion "1"]
[SourceVersionDate "2022.10.05"]
[SourceQuality "1"]

1. e4 c5 2. Nf3 e6 3. d4 cxd4 4. Nxd4 a6 5. Nc3 Qc7 6. Be3 Bb4 7. Bd3 Bxc3+ 8. bxc3 Qxc3+ 9. Ke2 Nf6 10. Re1 d5 11. exd5 Nxd5 12. Kf1 Nd7 13. Nf3 Nxe3+ 14. Rxe3 Qc7 15. Kg1 b6 16. Qe2 Nc5 17. Re1 Bb7 18. Bc4 0-0-0 19. Ne5 Rd4 20. f3 h5 21. Bb3 Rhd8 22. Nd3 Qd6 23. Nxc5 bxc5 24. Rd3 c4 25. Bxc4 Qc5 26. Rxd4 Rxd4 27. Bb3 Re4+ 28. Qf2 Rxe1# 0-1